000 00701nam a22002177a 4500
003 UA-OsUOA
001 77142
007 ta
008 20110901b un ||||| |||| 00| 0 ukr d
100 _aСавчук І.
090 _a330(477)
_bС13
942 _cSA
040 _aUA-OsUOA
_bukr
_cUA-OsUOA
_dUA-OsUOA
245 _aВплив корпоративної політики на розвиток експортоорієнтованих галузей України (на прикладі залізорудної промиловості)
300 _aС.33-40
955 _a0
041 _aukr
080 _a330(477)
773 0 _w77140
650 7 _a330 Економіка взагалі
_2UDC
999 _c363447
_d363447